Score 0/20 Timer 06:00
1 Play Today
% Correct
Harry Potter
92.7%
Doctor Who
90.6%
Downton Abbey
78.8%
Dobby
75.7%
Golden Snitch
72.2%
Sherlock (BBC)
68.9%
TARDIS
64%
John Watson
60%
Dalek
55.7%
Deathly Hallows
52.5%
% Correct
Azkaban
49.8%
James Moriarty
48.3%
Sonic Screwdriver
46.3%
Mycroft Holmes
46.1%
Cyberman
40.3%
Mrs. Hudson
25%
Robert Crawley
16.9%
Violet Crawley
16.7%
Tom Branson
16.3%
Cora Crawley
15.2%
Remove Ads.
Support Sporcle.
Get the best of Sporcle when you Go Orange. This ad-free experience offers more features, more stats, and more fun while also helping to support Sporcle. Thank you for becoming a member.

You're not logged in!

Compare scores with friends on all Sporcle quizzes.
OR
Log In

Show Comments

Extras

Top Quizzes Today


Score Distribution

Your Account Isn't Verified!

In order to create a playlist on Sporcle, you need to verify the email address you used during registration. Go to your Sporcle Settings to finish the process.

Report this User

Report this user for behavior that violates our Community Guidelines.

Details: